| 000 | 01214nam a2200289 a 4500 | ||
|---|---|---|---|
| 005 | 20020620174937.0 | ||
| 008 | 010925s2001 ii b 001 0 eng | ||
| 010 | _aENG-92492 | ||
| 020 | _c500.00 | ||
| 035 | _aEN-76025 | ||
| 037 | _bDBAD / PUB | ||
| 040 |
_adpl _bEnglish |
||
| 082 | _a307.772 | ||
| 100 |
_aSharma, B.D. _q(Brahm Dev) |
||
| 245 |
_aTribal affairs in India : _bthe crucial transition / _cby B.D. Sharma. |
||
| 260 |
_aNew Delhi _bSahyog Pustak Kuteer (Trust) and India Centre for Human Rights and Law, Mumbai, _c2001. |
||
| 270 |
_a11-A, Nangli Rajapur, Nizamuddin East, _bNew Delhi _e110013 |
||
| 300 |
_a514 p. ; _c23 cm (Hb) |
||
| 500 | _aIncludes bibliographical references and index. | ||
| 650 |
_aScheduled Tribes _zIndia. _xSocial conditions. |
||
| 650 |
_aEconomic assistance, Domestic _zIndia. |
||
| 650 |
_aCooperation _zIndia. |
||
| 651 |
_aIndia _xScheduled tribes _xEconomic conditions. |
||
| 710 | _aIndia Centre for Human Rights and Law. | ||
| 942 |
_2ddc _cEN _mSHA _h307.772 |
||
| 999 |
_c20961 _d20961 |
||